Student guide and workbook for use with Mankiw Macroeconomics,second edition / (Record no. 362)
[ view plain ]
| 000 -LEADER | |
|---|---|
| fixed length control field | 00936mam a2200265 a 4500 |
| 001 - CONTROL NUMBER | |
| control field | 1724726 |
| 003 - CONTROL NUMBER IDENTIFIER | |
| control field | OSt |
| 005 - DATE AND TIME OF LATEST TRANSACTION | |
| control field | 20210414113903.0 |
| 008 - FIXED-LENGTH DATA ELEMENTS--GENERAL INFORMATION | |
| fixed length control field | 920819s1994 nyua 000 0 eng d |
| 020 ## - INTERNATIONAL STANDARD BOOK NUMBER | |
| International Standard Book Number | 0879017236 |
| 035 ## - SYSTEM CONTROL NUMBER | |
| System control number | (OCoLC)34437981 |
| 035 ## - SYSTEM CONTROL NUMBER | |
| System control number | (OCoLC)ocm34437981 |
| 035 ## - SYSTEM CONTROL NUMBER | |
| System control number | (NNC)1724726 |
| 040 ## - CATALOGING SOURCE | |
| Original cataloging agency | NIC |
| Transcribing agency | NIC |
| 100 1# - MAIN ENTRY--PERSONAL NAME | |
| Personal name | Kaufman, Roger T. |
| 245 10 - TITLE STATEMENT | |
| Title | Student guide and workbook for use with Mankiw Macroeconomics,second edition / |
| Statement of responsibility, etc. | Roger T. Kaufmann. |
| 246 14 - VARYING FORM OF TITLE | |
| Title proper/short title | Student guide and workbook |
| 260 ## - PUBLICATION, DISTRIBUTION, ETC. | |
| Place of publication, distribution, etc. | New York : |
| Name of publisher, distributor, etc. | Worth Publishers, |
| Date of publication, distribution, etc. | c1994. |
| 300 ## - PHYSICAL DESCRIPTION | |
| Extent | xvii, 337 + various pagings: |
| Other physical details | ill. |
| Dimensions | 28 cm. |
| 505 ## - FORMATTED CONTENTS NOTE | |
| Formatted contents note | Contents: Introduction -- The Economy in the long run -- The Economy in the short run -- More on the microeconomics behind macroeconomics. |
| 650 #0 - SUBJECT ADDED ENTRY--TOPICAL TERM | |
| Topical term or geographic name entry element | Macroeconomics |
| General subdivision | Study and teaching. |
| 700 1# - ADDED ENTRY--PERSONAL NAME | |
| Personal name | Mankiw, N. Gregory. |
| Title of a work | Macroeconomics. 2nd ed. |
| 942 ## - ADDED ENTRY ELEMENTS (KOHA) | |
| Source of classification or shelving scheme | Library of Congress Classification |
| Koha item type | Books |
| Withdrawn status | Lost status | Source of classification or shelving scheme | Damaged status | Not for loan | Home library | Current library | Shelving location | Date acquired | Total Checkouts | Full call number | Barcode | Date last seen | Copy number | Price effective from | Koha item type |
|---|---|---|---|---|---|---|---|---|---|---|---|---|---|---|---|
| Library of Congress Classification | WISCONSIN INTERNATIONAL UNIVERSITY COLLEGE, GHANA - MAIN LIBRARY | WISCONSIN INTERNATIONAL UNIVERSITY COLLEGE, GHANA - MAIN LIBRARY | General Stacks | 12/12/2011 | HB172.5.k11 | 943/11 | 12/12/2011 | 1 | 12/12/2011 | Books |
